000 00754nam a2200289Ia 4500
005 20260324113748.0
008 008 260324s9999 xx 000 0 eng d
020 _a9781003436607
037 _aEBOOK
040 _aCRL
040 _beng
040 _cCRL
041 _2eng
041 _aeng
084 _qCRL
100 _aVinod Kumar Garg; Ashok Pandey; Navish Kataria; Caterina Faggio
_91042403
245 0 _aPharmaceuticals in Aquatic Environments
245 0 _bRemediation Technologies and Future Challenges
260 _bTaylor and Francis
260 _c2023
365 _a
365 _b385
856 _uhttp://www.taylorfrancis.com/books/9781003436607
942 _cEBOOK
999 _c1737890
_d1737890